| 000 | 00755cam a22002651i 4500 | ||
|---|---|---|---|
| 001 | 4531575 | ||
| 003 | ARRUPE | ||
| 005 | 20141203142635.0 | ||
| 008 | 770126s1963 nju 000 0 eng | ||
| 010 | _a 63012972 | ||
| 040 |
_aDLC _cIEN _dDLC |
||
| 050 | 0 | 0 | _aSPC PR9369.3.F57.R3 |
| 100 | 1 |
_aCloete, Stuart, _d1897- _913073 |
|
| 245 | 1 | 0 |
_aRags of glory. _c/ Stuart Cloete |
| 250 | _a1st ed. | ||
| 260 |
_aLondon _bCollins _c1963. |
||
| 300 |
_a576 p. ; _c22 cm. |
||
| 504 | _aIncludes bibliography. | ||
| 650 | 0 |
_aSouth African War, 1899-1902 _xFiction. _912900 |
|
| 651 | 0 |
_aSouth Africa _xFiction. _913082 |
|
| 655 | 7 |
_aWar stories. _2gsafd _913083 |
|
| 906 |
_a7 _bcbc _corignew _du _eocip _f19 _gy-gencatlg |
||
| 942 |
_2lcc _cSPC |
||
| 999 |
_c121399 _d121399 |
||